000 00411nam a2200157Ia 4500
003 GCL
008 140319s9999 xx 000 0 eng d
040 _aGCL /
_cGCL
082 0 4 _a778.5
_bB M
100 1 _aBROWN, BLAIN
245 1 0 _aMOTION PICTURE AND VIDEO LIGHTING /
_cBROWN, BLAIN
260 _a[S.N] :
_bFOCAL PRESS ،
_c1996
300 _a214 P
650 0 4 _aCINEMATOGRAPHY - LIGHTING
942 _2ddc
_cBK
999 _c13459
_d13459